[Event "GER-ch Net Amateur Gr-A Vor1"]
[Site "Playchess.com INT"]
[Date "2020.04.14"]
[Round "4"]
[White "Lenz, Jonas"]
[Black "Scheftlein, Richard"]
[Result "1/2-1/2"]
[WhiteElo "2015"]
[BlackElo "2272"]
[PlyCount "77"]
[EventDate "2020.04.14"]
[EventType "swiss (blitz)"]
[EventRounds "9"]
[EventCountry "GER"]
[SourceTitle "EXT 2021"]
[Source "ChessBase"]
[SourceDate "2020.10.23"]
[SourceVersion "1"]
[SourceVersionDate "2020.10.23"]
[SourceQuality "1"]

1. d4 Nf6 2. c4 e6 3. g3 d5 4. Nf3 Be7 5. Bg2 0-0 6. 0-0 dxc4 7. Qc2 a6 8. a4 Bd7 9. Qxc4 Bc6 10. Nc3 b5 11. Qb3 b4 12. Nb1 Bd5 13. Qc2 Be4 14. Qb3 c5 15. dxc5 Bxc5 16. Nbd2 Bd5 17. Qc2 Nbd7 18. b3 Rc8 19. Nc4 Be4 20. Qd1 Nd5 21. Bb2 Nc3 22. Bxc3 bxc3 23. Qc1 Bb4 24. Rd1 Qc7 25. Ng5 Bxg2 26. Kxg2 Nc5 27. Qc2 g6 28. Rac1 Rb8 29. Ne4 Qb7 30. Ncd6 Qc6 31. Kg1 Nxe4 32. Nxe4 Rfc8 33. Nf6+ Kg7 34. Nd7 Rb7 35. Ne5 Qc5 36. Nc4 Qc6 37. Ne5 Qc5 38. Nc4 Qc6 39. Ne5 1/2-1/2

[Event "GER-ch Net Amateur Gr-A Vor1"]
[Site "Playchess.com INT"]
[Date "2020.04.14"]
[Round "7"]
[White "Scheftlein, Richard"]
[Black "Liedtke, Matthias"]
[Result "1-0"]
[WhiteElo "2272"]
[BlackElo "1974"]
[PlyCount "77"]
[EventDate "2020.04.14"]
[EventType "swiss (blitz)"]
[EventRounds "9"]
[EventCountry "GER"]
[SourceTitle "EXT 2021"]
[Source "ChessBase"]
[SourceDate "2020.10.23"]
[SourceVersion "1"]
[SourceVersionDate "2020.10.23"]
[SourceQuality "1"]

1. d4 Nf6 2. c4 g6 3. Nc3 Bg7 4. e4 d6 5. Nf3 0-0 6. Be2 Nbd7 7. 0-0 e5 8. Be3 c6 9. d5 c5 10. Ne1 h6 11. a3 Kh7 12. b4 b6 13. Nd3 Ng8 14. Qc2 f5 15. exf5 gxf5 16. f4 e4 17. Nf2 Ndf6 18. Kh1 h5 19. Nh3 Ng4 20. Ng5+ Kh8 21. Bxg4 hxg4 22. bxc5 bxc5 23. Rab1 Qf6 24. Nb5 Qe7 25. a4 Nh6 26. Qf2 Kg8 27. Rfd1 a6 28. Nxd6 Qxd6 29. Bxc5 Qc7 30. Bxf8 Bxf8 31. Qh4 Bd7 32. a5 Re8 33. Rb6 Qxf4 34. Rg6+ Bg7 35. Qxh6 Re7 36. Qh7+ Kf8 37. d6 Rf7 38. Nxf7 Kxf7 39. Qxg7+ 1-0